000 00563nam a2200193 i 4500
001 79971
003 ES-MaACL
005 20250522203626.0
007 t|
008 041025s1967 sp ||||1| cat d
100 1 _aHillary, Richard.
_963715
245 1 3 _aEl darrer enemic /
_cRichard Hillary ; versió Ramón Folch i Camarasa.
250 _a[1ª ed.].
260 _aBarcelona :
_bNova Terra,
_c[1967]
300 _a294 p. ;
_c16 cm.
700 1 _aFolch i Camarasa, Ramon,
_d1926-
_951450
852 _aES-MaACL
_jC-32012
_bR.62785
999 _c79971
_d79971